Statistiques concernant Focus sur: Wulf - Tolkien

Cliquez ici pour prendre le quiz!

Statistiques générales

  • Ce quiz a été pris 6 fois
  • Le résultat moyen est 7 sur 8

Statistiques - réponses

Informations recherchéesRéponses% Correct
EspèceHomme
100%
Première mentionLe Seigneur des Anneaux: Le Retour du Roi
100%
Royaumes et contréesRohan
100%
Profession et titreSeigneur de Dunlande et du Rohan
100%
Age durant lequel il vécutTroisième
100%
Dunlande
67%
CitéEdoras
50%
PèreFreca
50%

Distribution des résultats

Percentile par nombre de réponses

% des personnes avec chaque résultat

Votre développement - résultats

Vous n’avez pas pris ce quiz